| 000 | 01442nas a2200301 i 4500 | ||
|---|---|---|---|
| 003 | DO-SdUA | ||
| 005 | 20250718083216.0 | ||
| 007 | ta | ||
| 008 | 250717e1974 dr u p|r| || | spa d | ||
| 035 | _a(DO-SdUA)44080 | ||
| 040 |
_aDO-SdUA _bspa _cDO-SdUA _dDO-SdBNP |
||
| 041 | 0 | _aspa | |
| 110 | 2 |
_aInstituto Montecristeño de Arqueología (IMA) _988385 |
|
| 245 | 1 | 0 |
_aBoletín del Instituto Montecristeño de Arqueología / _cInstituto Montecristeño de Arqueología. |
| 264 |
_aMonte Cristi, República Dominicana : _bInstituto Montecristeño de Arqueología, IMA. _bEditora Cultural Dominicana, _c1974- |
||
| 300 |
_avolumen : _bilustraciones, fotografías, mapas ; _c21 cm. |
||
| 310 | _aDesconocida. | ||
| 336 |
_atexto _btxt _2rdacontent |
||
| 337 |
_asin mediación _bn _2rdamedia |
||
| 338 |
_avolumen _bnc _2rdacarrier |
||
| 362 | _aAño: 1974, Número: 1. | ||
| 500 | _aEl origen del Instituto Montecristeño de Antropología e Historia (IMAH) tuvo como base la preocupación de dos jóvenes por evitar la depredación del patrimonio arqueológico que corresponde a la región nordestana del país. | ||
| 650 | 7 |
_aArqueología _vPublicaciones periódicas _2lemb _988386 |
|
| 650 | 7 |
_aAntigüedades _vPublicaciones periódicas _2lemb _988387 |
|
| 650 | 0 |
_aInstituto Montecristeño de Arqueología (IMA) _vPublicaciones periódicas _988388 |
|
| 710 |
_aInstituto Montecristeño de Arqueología (IMA) _988385 |
||
| 942 |
_2ddc _cISSUE |
||
| 999 |
_c59574 _d59574 |
||